000 00312 a2200133 4500
003 Nust
005 20170207153501.0
040 _cNust
082 _a519
100 _aSalam , Abdul
245 _aModern Algebra and Trigonomeetry
_cprof Abdul Salam
260 _aLahoe
_bPunjab Text Book Board
650 _a Trigonomeetry
942 _2ddc
_cBK
999 _c187313
_d187313